Word Ladder: Zac Brown Band Quiz Stats

Quiz Updated Sep 30, 2017

Challenge
Share
Tweet
Embed
Score 0/30 Timer 04:00
0 Plays Today
Clue 4-Letter Word % Correct
Kelly Clarkson song: 'Since U ___ Gone'BEEN
97.9%
'No good ___ goes unpunished'DEED
96.7%
LifelessDEAD
96.6%
⋆ ___ Me in Mind ⋆⋆ KEEP ⋆
96.4%
Red root vegetable used in borschtBEET
96.3%
A unit of time in musicBEAT
96.2%
Frog's cousinTOAD
96.1%
⋆ Knee ___⋆ DEEP ⋆
95.4%
Alcoholic drink made from grapesWINE
95.3%
Part of an airplane or birdWING
95.1%
Femur or humerus, e.g.BONE
94.6%
To interpret written materialREAD
93.7%
Communicated somethingTOLD
93.4%
⋆ I Play the ___⋆ ROAD ⋆
92.6%
EnthusiasticKEEN
92.3%
Clue 4-Letter Word % Correct
A building that grinds grain into flourMILL
91.7%
⋆ ___ Hearted ⋆ ⋆ COLD ⋆
91.3%
Eminem movie: '8 ___'MILE
90.7%
Broad or vastWIDE
90.3%
A raised area of landHILL
89.6%
'Night and Day' songwriter: ___ PorterCOLE
85.6%
Tree trunkBOLE
83.6%
PassagewayHALL
81.8%
⋆ Highway 20 ___⋆ RIDE ⋆
79.5%
To make angryRILE
78.1%
'Mr. Robot' actor B.D.WONG
72.6%
⋆ Whiskey's ___⋆ GONE ⋆
71.9%
Circular percussion instrument with a malletGONG
71%
⋆ Long ___⋆ HAUL ⋆
64.7%
⋆ Where the ___ Leaves From ⋆⋆ BOAT ⋆
45.1%

Today's Daily Dose

Missing 'O' Word in Every Category

On This Day
April 19th II

You're not logged in!

Compare scores with friends on all Sporcle quizzes.
Sign Up with Email
OR
Log In

You Might Also Like...

Show Comments

Extras

Top Quizzes Today


Score Distribution

Your Account Isn't Verified!

In order to create a playlist on Sporcle, you need to verify the email address you used during registration. Go to your Sporcle Settings to finish the process.

Report this User

Report this user for behavior that violates our Community Guidelines.

Details: